SIAM journal on control <a> publication of the Society for Industrial and Applied Mathematics

Guardado en:
Detalles Bibliográficos
Formato: Seriadas
Lenguaje:inglés
Publicado: Philadelphia Society for Industrial and Applied Mathematics
Etiquetas: Agregar Etiqueta
Sin Etiquetas, Sea el primero en etiquetar este registro!

MARC

LEADER 00000nas1a22000001 4500
001 0019576
005 20250730114822.0
041 0 |a eng 
044 |a US 
245 1 0 |a SIAM journal on control  |b <a> publication of the Society for Industrial and Applied Mathematics 
264 1 |a Philadelphia  |b Society for Industrial and Applied Mathematics 
500 |a Od vol. 14 (1976) názov: SIAM journal on control and optimization